Normal view
MARC view
Entry Personal Name
001 - CONTROL NUMBER
- control field: 14392
003 - CONTROL NUMBER IDENTIFIER
- control field: OSt
005 - DATE AND TIME OF LATEST TRANSACTION
- control field: 20211105133808.0
008 - FIXED-LENGTH DATA ELEMENTS
- fixed length control field: 211105|| aca||aabn | a|a d
040 ## - CATALOGING SOURCE
- Original cataloging agency: OSt
- Transcribing agency: OSt
100 ## - HEADING--PERSONAL NAME
- Personal name: Pinkau, K., ed
670 ## - SOURCE DATA FOUND
- Source citation: Work cat.: (OSt): NATO Advanced Study institute on the interstellar Medium Germany 1973 Apr. 2-13 14391, The interStellar medium, 1974